000 00443nam a2200157Ia 4500
008 210210b1985 xxu||||| |||| 00| 0 eng d
082 _a001.642 GEAC
100 _aGEAR (C WILLIAM).
245 _aComputer organization and programming: with an emphasis on the personal computer.
250 _a
260 _aND
_bMcGraw Hill
_c1985
300 _axiii,414
650 _aComputer programming
690 _aComputer Science
906 _a052207
999 _c100674
_d100674